|
|
|
|
| LEADER |
00628cam a2200217 7i4500 |
| 001 |
0000039959 |
| 005 |
20151104090000.0 |
| 005 |
##20151104151100.0 |
| 002 |
##000000048 |
| 003 |
##MY-KlINT |
| 008 |
151104 00010 eng |
| 020 |
# |
# |
|a 9676535605
|
| 039 |
# |
9 |
|y 201511041511
|z VLOAD
|
| 090 |
0 |
0 |
|a 324.22 MOH
|
| 100 |
1 |
# |
|a MOHD. Mahyiddin, Wan.
|
| 245 |
0 |
0 |
|a Kepemimpinan :
|b Sorotan pelbagai aspek bagi meningkatkan kualiti dan pencapaian /
|c Wan Mohd. Mahyiddin.
|
| 250 |
# |
# |
|a 1st ed..
|
| 260 |
# |
# |
|a Shah Alam:
|b Fajar Bakti,
|c 1996.
|
| 300 |
# |
# |
|a xxii:
|b 305p;
|c 23x14cm.
|
| 650 |
# |
0 |
|a Political leadership
|
| 650 |
# |
0 |
|a Leadership
|